000 00332nam a2200133Ia 4500
008 220204s9999 xx 000 0 und d
082 _a331.101.26
_bREE
100 _aREES, Albert
245 0 _aEconomics of work and pay
260 _aLondon
_bHarper
_c1973
650 _aLabour economics
650 _aWage structure
942 _cBK
999 _c27310
_d27310